ARRUPE JESUIT UNIVERSITY

CORONAVIRUS -STOP THE SPREAD - CLEAN,DISINFECT,COVER

The writings of Gandhi, (Record no. 131665)

MARC details
000 -LEADER
fixed length control field 00373nam a22001337a 4500
008 - FIXED-LENGTH DATA ELEMENTS--GENERAL INFORMATION
fixed length control field 230313b |||||||| |||| 00| 0 eng d
020 ## - INTERNATIONAL STANDARD BOOK NUMBER
International Standard Book Number 0006366945.
050 ## - LIBRARY OF CONGRESS CALL NUMBER
Classification number DS481.G3 A17 1972
100 ## - MAIN ENTRY--PERSONAL NAME
Personal name Duncan Ronald
9 (RLIN) 52223
245 ## - TITLE STATEMENT
Title The writings of Gandhi,
Statement of responsibility, etc Ronald, Duncan
260 ## - PUBLICATION, DISTRIBUTION, ETC. (IMPRINT)
Place of publication, distribution, etc Great Britain,
Name of publisher, distributor, etc Fontana,
Date of publication, distribution, etc 1972.
300 ## - PHYSICAL DESCRIPTION
Extent 288p;
Dimensions 20cm.
942 ## - ADDED ENTRY ELEMENTS (KOHA)
Source of classification or shelving scheme Library of Congress Classification
Item type Monograph ( Printed materials)
Holdings
Withdrawn status Lost status Source of classification or shelving scheme Damaged status Not for loan Home library Current library Shelving location Date acquired Total Checkouts Full call number Barcode Date last seen Price effective from Koha item type
    Library of Congress Classification     ARRUPE LIBRARY ARRUPE LIBRARY Main Collection 13/03/2023   DS481.G3 A17 1972 46600009240 13/03/2023 13/03/2023 Monograph ( Printed materials)

 

Arrupe Library. PO Box MP320 Mt Pleasant, Harare, Zimbabwe
263 242 745411|librarian@aju.ac.zw